Which Bookboyfriend said that ? - Statistics

General Stats
  • This quiz has been taken 6 times
  • The average score is 5 of 10
Answer Stats
Question Answer % Correct
"Whatever is going through that beautiful mind, I'm here for it." Xaden Riorson
80%
“If you wanted, I would burn down the world for you” Alex Volkov
60%
“She is the embodiment of a bad decision. The twin of danger and desire. The fine line between deadly and divine. And I can feel myself drowning." Kai Azer
60%
“But let me make this clear, when it comes to her, I have no issue ruining my reputation. I will burn the world down to protect her and I’ll proudly wave the match, so everyone knows I’m the one who did it.” Ryan Shay
60%
“She’s not you.” “What?” “She. Isn’t. You.” Wes Benett
60%
“Good. Because I’m sick of holding back with you. You’re not going anywhere. You belong here, with me.” Cade Eaton
40%
"I urge you : Come be angry at a nearer distance." Cardan Greenbriar
40%
"you’re worth defending. Every cut, bruise, every single pang of anger or frustration. It’s all worth it. I’d throw my last punch defending you because you deserve to have someone be that person for you, and there’s no one more qualified for the job than me.” Nate Hawkins
40%
“If she isn’t mine in the end, I’ll still be hers.” Noah Riley
40%
“You can tear me apart, and I’ll still love you.” Aaron Warner
20%
No matching quizzes found
Score Distribution
Percent of People with Each Score
Percentile by Number Answered
Your Score History
You have not taken this quiz